The allocation of household income to food consumption (Registro nro. 26060)
[ vista simple ]
| 000 -LEADER | |
|---|---|
| fixed length control field | 00341 a2200109 4500 |
| 001 - CONTROL NUMBER | |
| control field | ART_12060 |
| 005 - DATE AND TIME OF LATEST TRANSACTION | |
| control field | 20260410161903.0 |
| 008 - FIXED-LENGTH DATA ELEMENTS--GENERAL INFORMATION | |
| fixed length control field | 260409a |
| 100 1# - MAIN ENTRY--PERSONAL NAME | |
| Personal name | Hymans, Saul H. |
| 245 10 - TITLE STATEMENT | |
| Title | The allocation of household income to food consumption |
| 773 0# - HOST ITEM ENTRY | |
| Title | Journal of econometrics |
| Related parts | - Vol. 4, Nº 2 (may. 1976) |
| Record control number | REV11720 |
No hay ítems disponibles.